| 000 | 00651nam a22001937a 4500 | ||
|---|---|---|---|
| 999 |
_c163980 _d163980 |
||
| 005 | 20190508110124.0 | ||
| 010 | _aUR-10073 | ||
| 020 |
_c250.00 _a- |
||
| 035 | _aU-8628 | ||
| 037 | _bDBAD/PUB | ||
| 082 | _a841 | ||
| 100 | _aقا د ر ی طيب پا شا | ||
| 245 |
_aنعمت د ا ر ين _cقا د ر ی طيب پا شا |
||
| 246 |
_bNemat-e-Darain(Urdu) _aby Dr. Tayyab Pasha Qadri |
||
| 260 |
_a Delhi _bEducational Publishing House _c2017 ء |
||
| 270 |
_a3191،Vakil Street,Kucha Pandit,Lal Kuan, _bDelhi _e110006 _k23216162 _l00911123211540 |
||
| 300 |
_a213ص _c22 Cm.(bk) |
||
| 942 |
_2ddc _cUR _h841 _mق ا د |
||